ბათუმის შოთა რუსთაველის სახელმწიფო უნივერსიტეტის ბიბლიოთეკა

პლასტიკური ანატომია და ექსპრესიულობა : (ბიბ.ჩანაწერი № 62614)

000 -ლიდერი
ფიქსირებული სიგრძის საკონტროლო ველი 01562nam a22002417a 4500
003 - საკონტროლო ნომრის იდენტიფიკატორი
საკონტროლო ველი Ge_BSU
005 - ბოლო ოპერაციის თარიღი და დრო
საკონტროლო ველი 20241218140758.0
008 - ფიქსირებული სიგრძის მონაცემთა ელემენტები - ზოგადი ინფორმაცია
ფიქსირებული სიგრძის საკონტროლო ველი 241218s1997 ge ||||| |||| 00| 0 geo d
041 ## - ენის კოდი
Language code of text/sound track or separate title geo
080 ## - უნივერსალური ათობითი კლასიფიკაციის ინდექსი
Universal Decimal Classification number 743(075.8) : 611(075.8) პ-43
245 ## - ცნობა სათაურის შესახებ
Title პლასტიკური ანატომია და ექსპრესიულობა :
Remainder of title [სახელმძღვანელო სამხატვრო აკადემიის სტუდენტებისათვის] /
Statement of responsibility, etc საულ კახიანი, ზაალ კახიანი, დავით ასათიანი [და სხვ.]; რედ. ზაალ კახიანი.
264 ## - წარმოების, გამოცემის, დისტრიბუციის და სხვა ცნობები
გამოცემის, წარმოების, დისტრიბუციის... ადგილი ბათუმი :
გამოცემის, წარმოების, დისტრიბუციის... სახელწოდება ს.ს. "გამომცემლობა აჭარა",
გამოცემის, წარმოების, დისტრიბუციის... თარიღი 1997.
300 ## - ფიზიკური აღწერა
Extent 284 გვ. :
Other physical details ილ. ;
Dimensions 22 სმ.
500 ## - ზოგადი შენიშვნა
General note ყდაზე ავტორები მითითებული არ არის.
653 ## - INDEX TERM--UNCONTROLLED
Uncontrolled term პლასტიკური ანატომია
653 ## - INDEX TERM--UNCONTROLLED
Uncontrolled term მედიცინა
700 ## - ADDED ENTRY--PERSONAL NAME
Personal name კახიანი, საულ
Relator term ავტორი
9 (RLIN) 23998
700 ## - ADDED ENTRY--PERSONAL NAME
Personal name კახიანი, ზაალ
Relator term ავტორი, რედაქტორი
9 (RLIN) 23999
700 ## - ADDED ENTRY--PERSONAL NAME
Personal name ასათიანი, დავით
Relator term ავტორი
9 (RLIN) 24000
700 ## - ADDED ENTRY--PERSONAL NAME
Personal name ინაური, ალექსანდრე
Relator term ავტორი
9 (RLIN) 24001
700 ## - ADDED ENTRY--PERSONAL NAME
Personal name კანდელაკი, გიორგი
Relator term ავტორი
9 (RLIN) 24002
942 ## - ADDED ENTRY ELEMENTS (KOHA)
Source of classification or shelving scheme
Koha item type წიგნი
ეგზემპლარები
ჩამოწერის სტატუსი დაკარგული ეგზემპლარის სტატუსი კლასიფიკაციის წყარო ან თაროზე გაწყობის სქემა დაზიანების სტატუსი არ გაიცემა მუდმივი მდებარეობა (დაცვის ადგილი) ამჟამინდელი ადგილსამყოფელი თაროზე განთავსების ადგილი შეძენის თარიღი ღირებულება, შესყიდვის ნორმალური ფასი სრული შენახვის შიფრი შტრიხკოდი ბოლო ოპერაციის თარიღი ეგზემპლარის მიმდევრობითი ნომერი (კეტერი?) ფასის ძალაში შესვლის თარიღი ეგზემპლარის სახეობა საჯარო შენიშვნა
          ბათუმის შოთა რუსთაველის სახელმწიფო უნივერსიტეტის მთავარი ბიბლიოთეკა ბათუმის შოთა რუსთაველის სახელმწიფო უნივერსიტეტის მთავარი ბიბლიოთეკა წიგნსაცავი 2024-12-18 13.00 743(075.8) : 611(075.8) პ-43 70031 2024-12-18 70031 2024-12-18 წიგნი 13 ლ.
          ბათუმის შოთა რუსთაველის სახელმწიფო უნივერსიტეტის მთავარი ბიბლიოთეკა ბათუმის შოთა რუსთაველის სახელმწიფო უნივერსიტეტის მთავარი ბიბლიოთეკა წიგნსაცავი 2024-12-18 13.00 743(075.8) : 611(075.8) პ-43 70032 2024-12-18 70032 2024-12-18 წიგნი 13 ლ.
          ბათუმის შოთა რუსთაველის სახელმწიფო უნივერსიტეტის მთავარი ბიბლიოთეკა ბათუმის შოთა რუსთაველის სახელმწიფო უნივერსიტეტის მთავარი ბიბლიოთეკა წიგნსაცავი 2024-12-18 13.00 743(075.8) : 611(075.8) პ-43 70033 2024-12-18 70033 2024-12-18 წიგნი 13 ლ.
          ბათუმის შოთა რუსთაველის სახელმწიფო უნივერსიტეტის მთავარი ბიბლიოთეკა ბათუმის შოთა რუსთაველის სახელმწიფო უნივერსიტეტის მთავარი ბიბლიოთეკა წიგნსაცავი 2024-12-18 13.00 743(075.8) : 611(075.8) პ-43 70034 2024-12-18 70034 2024-12-18 წიგნი 13 ლ.
          ბათუმის შოთა რუსთაველის სახელმწიფო უნივერსიტეტის მთავარი ბიბლიოთეკა ბათუმის შოთა რუსთაველის სახელმწიფო უნივერსიტეტის მთავარი ბიბლიოთეკა წიგნსაცავი 2024-12-18 13.00 743(075.8) : 611(075.8) პ-43 70035 2024-12-18 70035 2024-12-18 წიგნი 13 ლ.
          ბათუმის შოთა რუსთაველის სახელმწიფო უნივერსიტეტის მთავარი ბიბლიოთეკა ბათუმის შოთა რუსთაველის სახელმწიფო უნივერსიტეტის მთავარი ბიბლიოთეკა წიგნსაცავი 2024-12-18 13.00 743(075.8) : 611(075.8) პ-43 70036 2024-12-18 70036 2024-12-18 წიგნი 13 ლ.
          ბათუმის შოთა რუსთაველის სახელმწიფო უნივერსიტეტის მთავარი ბიბლიოთეკა ბათუმის შოთა რუსთაველის სახელმწიფო უნივერსიტეტის მთავარი ბიბლიოთეკა წიგნსაცავი 2024-12-18 13.00 743(075.8) : 611(075.8) პ-43 70037 2024-12-18 70037 2024-12-18 წიგნი 13 ლ.